000 01163pab a2200181 454500
008 180718b2007 xxu||||| |||| 00| 0 eng d
100 _aNaya, Seiji
245 _aIncome distribution and poverty alleviation for the Native Hawaiian Community
260 _c2007
300 _ap.35-48.
362 _aJan-Mar
520 _aThis paper raises an important question about the linkages between growth, income distribution and poverty alleviation. it argues that "high economic growth is no guarantee of lower levels of poverty." It further advocates that "one must understand the economic characteristics of poor groups" and also "examine how economic growth is achieved, how it is shared by different groups and what policies are adopted to alleviate poverty." On the basis of the analysis of the recent experiences of high growth performance of the Hawaiian economy and the persistent poverty conditions of the `natives hawaiians', the paper has attempted to bring out a number of analytical issues of wider relevance. - Reproduced.
650 _aPoverty
650 _aIncome distribution
773 _aIndian Economic Journal
908 _aN
909 _a78912
999 _c78912
_d78912